| 000 | 00814nam a22002297a 4500 | ||
|---|---|---|---|
| 005 | 20080801162052.0 | ||
| 008 | 080801t xxu||||| |||| 00| 0 eng d | ||
| 010 | _aENG-90662 | ||
| 020 |
_a0195698215 _c250.00 |
||
| 035 | _aEN-74195 | ||
| 037 | _bDBAD / PUB | ||
| 040 |
_aDPL _bENGLISH |
||
| 082 | _a382.3 | ||
| 100 | _aSengupta Nirmal | ||
| 245 |
_aThe economics of trade facilitation / _cby Nirmal Sengupta |
||
| 260 |
_aNew Delhi _bOxford University Press _c2008 |
||
| 300 |
_axiii, 208p. _c22cm.(pbk) |
||
| 500 | _aIncludes bibliographical references and index | ||
| 650 | _aTrade | ||
| 942 |
_2ddc _cEN _h382.3 _mSEN |
||
| 999 |
_c14710 _d14710 |
||